000 01248nam a2200277 a 4500
003 BLK
005 20240917151432.0
008 191127b bu |||||r|||| 00| | bu d
020 _a9786191791569
040 _aBLK
041 _aBUL
_cBUL
080 _aТурска литература
_b821.512.161
_x-31
_z821.512.161-31
_9240045
084 _aБ 84
100 _aБудайъджъоглу, Гюлсерен
_9436545
245 _aМедальонът отвътре
_cГюлсерен Будайъджъоглу; прев. от турски Назъм Бекир.
246 4 4 _aМедальонът отвътре : Психиатърът разказва ... истории от лабиринтите на живота
260 _9209796
_aПловдив
_bЛетера
_c2024
300 _a440 с.
_c21 см
380 _aX
500 _aНа кор. : От авторката на Върни се към живота. - За авт. на гърба на кор.
700 _9391331
_aБекир, Назъм
852 _bП
_c821-31/Б 84 Г
942 _cKNG
_n0
_s1
_06
944 _cСевдалина Тодорова
_k30542
_lРусанова Ирена
999 _c513368
_d513368